| 000 | 01120nam a22002777a 4500 | ||
|---|---|---|---|
| 003 | DO-SdBNP | ||
| 005 | 20230505080120.0 | ||
| 008 | 210518b2014 dr |||| 00| 0 spa d | ||
| 020 | _a9789945443622 | ||
| 040 |
_aBPMSU _bspa _cBPMSU |
||
| 082 | 4 |
_aRD861.08 _bG633m 2014 _222 |
|
| 100 | 1 |
_aGómez Rosa, Alexis, _d1950 - 2019 |
|
| 245 | 3 |
_aLa mirada imantada : _bantología poética / _cAlexis Gómez Rosa ;coordinación de la edición José Alcántara Almánzar y Elvis Soto |
|
| 260 |
_aSanto Domingo : _bBanco Central de la República Dominicana, _c2014 |
||
| 300 |
_a317 p. ; _c23 cm |
||
| 490 | 0 |
_aBanco Central de la República Dominicana ; _aArte y literatura _v203/70 |
|
| 500 | _aIncluye datos biográficos del autor en la solapa de la cubierta | ||
| 500 | _aIncluye referencias bibliográficas y notas al pie de las páginas | ||
| 590 | _6Inventariado, 2023/VM | ||
| 650 | 4 |
_aPoesía dominicana _vColecciones |
|
| 650 | 4 | _aLiteratura dominicana | |
| 700 | 1 |
_aAlcántara Almánzar, José _eed. |
|
| 700 | 1 |
_a Soto, Elvis _eed, |
|
| 910 | _aMcabrera/Vmateo / Control de calidad (BPMSU) | ||
| 942 |
_2ddc _cBK |
||
| 999 |
_c13512 _d13512 |
||